01301nam a2200301Ia 4500001000700000003000500007008004100012010001100053040000900064090001700073100004100090245023300131260004100364300001100405502007700416650003900493650004200532650003900574700003700613901001700650902000600667910000900673942000600682942000600688999001900694952014300713952014300856Z_1681CHAP220113s1999 xx 000 0 und d a164772 cCHAP aTesis M 1336 aMartínez Trejo, Guillermina972571 aEfecto de la adición de lasolácida o Saccharomyces cerevisiae a dietas de vacas Holstein sobre los días al primer servicio postparto y costos de producción /cpor Guillermina Martínez Trejo y Julián Méndez Rivera aChapingo, Méx. :bEl autor,c1999 a122 h. aTesis (Ing. Agr. Esp. en Zootecnia) -- UACH. Departamento de Zootecnia aGanado HolsteinxAlimentos9138853 aGanado HolsteinxProducción 945141 7aSaccharomyces cerevisiae29101125 aMéndez Rivera, Julián976573 aTESIS M 1336 aM a1999 c2 c2 c164772d164772 00102local4051708TESISaZbZd2005-11-09eEl autorl0oTesis M378 1336 1999p5101002102r2022-01-18 00:00:00tEj.1w2022-01-18yTESIS 00102local4055708TESISaZbZd2005-11-09eEl autorl0oTesis M378 1336 1999p5101002103r2022-01-18 00:00:00tEj.2w2022-01-18yTESIS